The Great boom ahead

Predicting the decline of Japan and the re-emergence of the United States as the most powerful economy on the planet, the Harvard economist offers readers practical advice on taking advantage of the situation.

محفوظ في:
التفاصيل البيبلوغرافية
المؤلف الرئيسي: Dent, Harry S.
التنسيق: كتاب
اللغة:Undetermined
منشور في: New York Hyderion 1993
الموضوعات:
الوسوم: إضافة وسم
لا توجد وسوم, كن أول من يضع وسما على هذه التسجيلة!
Thư viện lưu trữ: Trung tâm Học liệu Trường Đại học Cần Thơ
LEADER 00788nam a2200229Ia 4500
001 CTU_89129
008 210402s9999 xx 000 0 und d
082 |a 332.024 
082 |b D414 
100 |a Dent, Harry S. 
245 4 |a The Great boom ahead 
245 0 |c Harry S. Dent 
260 |a New York 
260 |b Hyderion 
260 |c 1993 
520 |a Predicting the decline of Japan and the re-emergence of the United States as the most powerful economy on the planet, the Harvard economist offers readers practical advice on taking advantage of the situation. 
650 |a United states,Economic 
650 |x Economic conditions,Forecasting 
650 |y 1981 
650 |z United states 
904 |i Tuyến 
980 |a Trung tâm Học liệu Trường Đại học Cần Thơ